000 00846nac a22001931u 4500
008 100908t xxu||||| |||| 00| 0 eng d
010 _a 2003005910
020 _a0632059931 (Paperback : alk. paper)
082 0 0 _a625.7
_bROG
100 _aRogers, Martin.
_918772
245 1 0 _aHighway Engineering /
_cMartin Rogers.
260 _aOxford, UK ;
_aMalden, MA, USA :
_bBlackwell Science,
_c2003.
300 _axiv, 277 p. :
_bill. ;
_c25 cm.
504 _aIncludes bibliographical references and index.
650 0 _aHighway engineering.
_918773
856 4 1 _3Table of contents
_uhttp://www.loc.gov/catdir/toc/ecip041/2003005910.html
942 _cBB
_k625.7 ROG
_2ddc
999 _c2257
_d2257